[Event "Osen II"]
[Site "Alushta UKR"]
[Date "2003.10.04"]
[Round "12"]
[White "Nalbandian,T"]
[Black "Ushenina,A"]
[Result "1/2-1/2"]
[WhiteElo "2478"]
[BlackElo "2311"]

1.Nf3 d5 2.g3 Bg4 3.Bg2 c6 4.O-O Nd7 5.d3 Ngf6 6.Nbd2 e5 7.e4 Bd6 8.Re1 O-O
9.c3 Re8 10.h3 Bh5 11.Qc2 a5 12.Nf1 dxe4 13.dxe4 Nc5 14.g4 Bg6 15.Ng3 Qc7
16.Nh4 Bf8 17.Qe2 Nfd7 18.Bf1 Ne6 19.Qf3 Rad8 20.Ng2 f6 21.h4 Bf7 22.g5 fxg5
23.hxg5 Be7 24.Qg4 Ndf8 25.Nf5 Bc5 26.Be3 Ng6 27.Rad1 Bf8 28.Bc4 b5 29.Rxd8 Qxd8
30.Rd1 Qc7 31.Bf1 Rd8  1/2-1/2

[Event "2nd League TCh-SCG"]
[Site "Belgrade SCG"]
[Date "2003.10.04"]
[Round "8"]
[White "Vlahovic,B"]
[Black "Ostojic,N"]
[Result "1/2-1/2"]
[WhiteElo "2400"]
[BlackElo "2425"]

1.Nf3 d5 2.g3 Nc6 3.d4 Bg4 4.Bg2 Qd7 5.h3 Bh5 6.c3 f6 7.Nbd2 e5 8.dxe5 fxe5
9.e4 Nf6 10.exd5 Qxd5 11.Qb3 O-O-O 12.Qxd5 Rxd5 13.Ng5 Rd3 14.O-O h6  1/2-1/2

[Event "ECC Women"]
[Site "Rethymnon GRE"]
[Date "2003.10.04"]
[Round "7"]
[White "Chelushkina,I"]
[Black "Gaponenko,I"]
[Result "0-1"]
[WhiteElo "2362"]
[BlackElo "2399"]

1.g3 d5 2.Nf3 Nf6 3.Bg2 e6 4.O-O b6 5.c4 Bb7 6.Ne5 Nbd7 7.d4 c6 8.cxd5 exd5
9.Nc3 Bd6 10.Bf4 Qe7 11.Nxd7 Qxd7 12.Be5 Be7 13.Qa4 b5 14.Qc2 O-O 15.Rad1 Rad8
16.a3 a5 17.Rfe1 Rfe8 18.h3 Qc8 19.Bxf6 Bxf6 20.b4 axb4 21.axb4 Qb8 22.e3 Qd6
23.Rb1 Ra8 24.Red1 Red8 25.e4 dxe4 26.Nxe4 Qe7 27.Qc5 Ra2 28.Qxe7 Bxe7 29.Nc5 Bxc5
30.dxc5 Rad2 31.Rxd2 Rxd2 32.h4 f5 33.Ra1 Kf7 34.Ra7 Rd7 35.Kf1 Ke7 36.Ke2 Kd8
37.Ra3 Kc7 38.Ke3 Bc8 39.Bf3 Rd8 40.Rd3 Bd7 41.Ra3 Bc8 42.Ra1 Re8+ 43.Kf4 Rd8
44.Rd1 Bd7 45.h5 Ra8 46.g4 fxg4 47.Bxg4 Rf8+ 48.Kg3 Bxg4 49.Kxg4 Rxf2 50.Ra1 Kb7
51.Re1 Rf7 52.Re8 Kc7 53.Ra8 Kd7 54.Ra6 h6 55.Kg3 Rf1 56.Kg4 Rg1+ 57.Kf4 Rg5
58.Ke3 Rxh5 59.Ra7+ Ke6 60.Rxg7 Kd5 61.Kd3 Rh3+ 62.Kc2 h5 63.Rf7 Re3 64.Rf5+ Re5
65.Rf4 Re4 66.Rf5+ Kc4 67.Rf6 Kxb4 68.Rxc6 Rc4+ 69.Kd3 Rxc5 70.Rh6 Kb3 71.Kd2 b4
72.Rb6 Ka3  0-1

[Event "ECC Women"]
[Site "Rethymnon GRE"]
[Date "2003.10.04"]
[Round "7"]
[White "Dzagnidze,N"]
[Black "Stepovaia Dianchenko,T"]
[Result "0-1"]
[WhiteElo "2446"]
[BlackElo "2372"]

1.Nf3 d5 2.g3 c6 3.Bg2 Bg4 4.O-O Nd7 5.d3 e5 6.c4 dxc4 7.dxc4 Ngf6 8.Nc3 Be7
9.b3 O-O 10.Qc2 Re8 11.Bb2 Qc7 12.Nh4 Bf8 13.e3 a5 14.h3 Be6 15.f4 exf4 16.gxf4 Nc5
17.Ne2 Bd7 18.Be5 Rxe5 19.fxe5 Qxe5 20.Qc3 Qh5 21.Nf3 Bd6 22.h4 Nce4 23.Qd4 Re8
24.Nf4 Qg4  0-1

[Event "7th Itau Cup"]
[Site "Sao Paulo BRA"]
[Date "2003.10.05"]
[Round "9"]
[White "Braga,C"]
[Black "Caldeira,A"]
[Result "1-0"]
[WhiteElo "2426"]
[BlackElo "2352"]

1.g3 d5 2.Nf3 Nf6 3.Bg2 Nbd7 4.d4 e6 5.O-O Be7 6.c4 c6 7.Qc2 O-O 8.Nbd2 b5
9.c5 Qc7 10.Nb3 e5 11.Nxe5 Nxe5 12.Bf4 Nfd7 13.e4 dxe4 14.Qxe4 f5 15.Bxe5 fxe4
16.Bxc7 Nf6 17.Rfe1 Bf5 18.Nd2 Bd8 19.Bxd8 Raxd8 20.Nxe4 Rxd4 21.Nd6 Nd5
22.Rad1 Rxd1 23.Rxd1 Be6 24.Nxb5  1-0

[Event "Open"]
[Site "Winterthur SUI"]
[Date "2003.10.05"]
[Round "3"]
[White "Nuri,K"]
[Black "Speck,H"]
[Result "0-1"]
[WhiteElo "1907"]
[BlackElo "2141"]

1.Nf3 d5 2.g3 f5 3.d3 e6 4.Bg2 Nf6 5.O-O Be7 6.c4 O-O 7.Nbd2 c6 8.Qc2 Nbd7
9.Ng5 Ne5 10.d4 Nf7 11.Ndf3 Nd6 12.Ne5 Nfe4 13.Nxe4 fxe4 14.f3 Nf5 15.e3 exf3
16.Rxf3 Nd6 17.Rxf8+ Qxf8 18.b3 Nf7 19.Nd3 Ng5 20.Bb2 Qf5 21.Rf1 Qg6 22.Qe2 Bd6
23.Nf2 Bd7 24.e4 Re8 25.e5 Be7 26.Nd3 Rf8 27.Nf4 Qe8 28.Qg4 g6 29.h4 Ne4
30.Bxe4 dxe4 31.Re1 c5 32.d5 exd5 33.e6 Bc8 34.cxd5 Rf5 35.Rd1 Bd6 36.h5 Bxf4
37.gxf4 Rxh5 38.d6 Bxe6 39.d7 Qxd7 40.Rxd7 Bxg4 41.Rxb7 Bf3 42.Ba3 e3  0-1

[Event "zt 3.1a"]
[Site "Dubai UAE"]
[Date "2003.10.07"]
[Round "3"]
[White "Jasim,A"]
[Black "Al Tamimi,H"]
[Result "1/2-1/2"]
[WhiteElo "2253"]
[BlackElo "2178"]

1.Nf3 d5 2.g3 c6 3.Bg2 Bg4 4.c4 e6 5.O-O Nd7 6.cxd5 exd5 7.d3 Ngf6 8.Nc3 Bc5
9.Na4 Bb6 10.Nxb6 axb6 11.b3 O-O 12.Bb2 Re8 13.Qd2 Qe7 14.Rfe1 Rad8 15.h3  1/2-1/2

[Event "zt 3.1a"]
[Site "Dubai UAE"]
[Date "2003.10.09"]
[Round "5"]
[White "Jasim,A"]
[Black "Kayle,C"]
[Result "1-0"]
[WhiteElo "2253"]
[BlackElo "2070"]

1.Nf3 d5 2.g3 Nf6 3.Bg2 Bg4 4.c4 c6 5.O-O Nbd7 6.cxd5 cxd5 7.d3 e6 8.Nc3 Be7
9.h3 Bh5 10.e4 O-O 11.exd5 Nxd5 12.Nxd5 exd5 13.Be3 a6 14.Qb3 Nc5 15.Bxc5 Bxc5
16.Qxb7 Qa5 17.Ne5 Rab8 18.Qxd5 Rfd8 19.Nd7 Rb5 20.d4 Ba3 21.Qe4 Rxb2 22.Ne5 Qb5
23.Qh4 f6 24.Qxh5 fxe5 25.Be4 g6 26.Bxg6 hxg6 27.Qxg6+ Kf8 28.Qf5+ Ke8 29.Rae1 Bd6
30.Qe6+ Be7 31.Rxe5 Qb4 32.Rfe1  1-0

[Event "zt 3.1a"]
[Site "Dubai UAE"]
[Date "2003.10.09"]
[Round "6"]
[White "Jasim,A"]
[Black "Ayyad,M"]
[Result "1-0"]
[WhiteElo "2253"]
[BlackElo "2092"]

1.Nf3 d5 2.g3 Nf6 3.Bg2 g6 4.b3 Bg7 5.Bb2 O-O 6.O-O c6 7.c4 Bf5 8.d3 Nbd7
9.Qc2 Bg4 10.Nbd2 Re8 11.h3 Bxf3 12.Bxf3 e5 13.Rfd1 Qe7 14.e4 d4 15.a3 Nf8
16.b4 b6 17.Rdb1 h5 18.a4 h4 19.Nf1 N6h7 20.Bc1 f5  1-0

[Event "Essent Open"]
[Site "Hoogeveen NED"]
[Date "2003.10.10"]
[Round "1"]
[White "Knol,G"]
[Black "Van de Oudeweetering,A"]
[Result "0-1"]
[WhiteElo "2163"]
[BlackElo "2389"]

1.Nf3 d5 2.g3 c6 3.Bg2 Bg4 4.d3 Nd7 5.Nbd2 Ngf6 6.O-O e5 7.c4 Bd6 8.Qc2 O-O
9.b3 Re8 10.e4 dxe4 11.dxe4 a5 12.Re1 Qb6 13.Nf1 Bc5 14.Be3 Bxe3 15.Nxe3 Bxf3
16.Bxf3 Nc5 17.Ng4 Nxg4 18.Bxg4 a4 19.bxa4 Rxa4 20.Qe2 Rd8 21.Red1 h6 22.Rxd8+ Qxd8
23.Rd1 Qa5 24.Qb2 f6 25.Qe2 Rxa2 26.Qf3 Ra1 27.Kg2 Rxd1 28.Qxd1 Qc7 29.Bf5 Kf8
30.Qg4 Qf7 31.Bg6 Qd7 32.Qe2 Ke7 33.Qb2 Qd4 34.Qb6 Nd3 35.Qxb7+ Kd6 36.Qb8+ Kc5
37.Qa7+ Kb4 38.Qe7+ Qc5 39.Qb7+ Kc3 40.Qb1 Qxf2+ 41.Kh3 Qb2 42.Qg1 Nf2+ 43.Kh4 Qd2
44.Qa1+ Kd3 45.Qa3+ Ke2  0-1

[Event "EuTCh"]
[Site "Plovdiv BUL"]
[Date "2003.10.11"]
[Round "1"]
[White "D'Amore,C"]
[Black "Van den Doel,E"]
[Result "1/2-1/2"]
[WhiteElo "2435"]
[BlackElo "2609"]

1.Nf3 d5 2.g3 Bg4 3.Bg2 Nd7 4.O-O e5 5.c4 dxc4 6.Qa4 Bd6 7.Qxc4 Ngf6 8.Ng5 O-O
9.Bxb7 Rb8 10.Bf3 Bxf3 11.exf3 Bc5 12.d3 Bd4 13.Nd2 Nb6 14.Qc2 Nfd5 15.Nb3 Nb4
16.Qe2 Nxd3 17.Nxd4 Nxc1 18.Raxc1 exd4 19.Ne4 Qe7 20.Qc2 Nd5 21.Rfe1 Qb4
22.Qc5 Qxc5 23.Rxc5 c6  1/2-1/2

[Event "EuTCh"]
[Site "Plovdiv BUL"]
[Date "2003.10.11"]
[Round "1"]
[White "Ibrahimov,R"]
[Black "Upton,T"]
[Result "1/2-1/2"]
[WhiteElo "2478"]
[BlackElo "2287"]

1.Nf3 d5 2.g3 Nf6 3.Bg2 e6 4.O-O Be7 5.d4 O-O 6.c4 dxc4 7.Qc2 a6 8.Qxc4 b5
9.Qc2 Bb7 10.Bf4 Nc6 11.Nbd2 Nxd4 12.Nxd4 Bxg2 13.Nxe6 fxe6 14.Kxg2 c5 15.b3 Qd5+
16.Nf3 Rac8 17.Rad1 Qc6 18.Kg1 Nd5 19.Be5 c4 20.bxc4 Qxc4 21.Qd2 Qe4 22.Ba1 Bb4
23.Qg5 Bc3 24.Qh4 Qxh4 25.gxh4 Nf4 26.e3 Bxa1 27.Rxa1 Ne2+ 28.Kg2 Rc2 29.a3 Rb8
30.Rfd1 Nc3 31.Rac1 Rxc1 32.Rxc1 Nd5 33.Nd4  1/2-1/2

[Event "EuTCh w"]
[Site "Plovdiv BUL"]
[Date "2003.10.11"]
[Round "1"]
[White "Vasilevich,T"]
[Black "Mamedjarova,T"]
[Result "1/2-1/2"]
[WhiteElo "2425"]
[BlackElo "2227"]

1.Nf3 d5 2.g3 Nf6 3.Bg2 Bf5 4.O-O e6 5.d3 h6 6.c4 c6 7.cxd5 exd5 8.Nbd2 Bc5
9.e4 dxe4 10.dxe4 Bh7 11.e5 Nd5 12.Qe2 O-O 13.Ne4 Be7 14.Nd4 Qb6 15.Rd1 Nd7
16.Nc3 Nxc3 17.bxc3 c5 18.Nb3 Bf5 19.Bf4 Rfd8 20.g4 Bh7 21.Bd5 Nf8 22.Qf3 Ne6
23.Bxb7 Rab8 24.Be4 Bxe4 25.Qxe4 Qa6 26.Bd2 Qd3 27.Qxd3 Rxd3 28.Be1 Nf4 29.c4 Rbd8
30.Rxd3 Rxd3 31.Bd2 Ne2+ 32.Kf1 Nd4 33.Bf4 g5 34.Bg3 Nc6 35.Ke2 Nb4 36.a3 Rxb3
37.axb4 cxb4 38.Rxa7 Kf8 39.Ra8+ Kg7 40.e6 fxe6 41.Ra7 Kf6 42.Ra5 Kf7 43.Ra7 Kf6
44.h4 Rc3 45.Rc7 b3 46.hxg5+ hxg5 47.Kd2 Bb4 48.Rb7 Rxc4+ 49.Kd3 b2 50.Kxc4 b1=Q
51.Rxb4 Qd1 52.Kc3 e5 53.Re4 Qf3+ 54.Re3 Qc6+ 55.Kd2 e4 56.Ke1 Qc1+ 57.Ke2 Qc2+
58.Ke1 Ke6 59.Kf1  1/2-1/2

[Event "EuTCh w"]
[Site "Plovdiv BUL"]
[Date "2003.10.12"]
[Round "2"]
[White "Foisor,C"]
[Black "Galliamova,A"]
[Result "1/2-1/2"]
[WhiteElo "2398"]
[BlackElo "2502"]

1.g3 d5 2.Nf3 Bg4 3.Bg2 Nd7 4.d3 Ngf6 5.Nbd2 e5 6.h3 Bh5 7.e4 dxe4 8.dxe4 Bc5
9.O-O O-O 10.Qe2 Ne8 11.a4 a5 12.Nc4 f6 13.Rd1 Qe7 14.Ne3 Nd6 15.g4 Bf7 16.Nf5 Qe6
17.Nd2 Rfd8 18.Nb3 Bb4 19.Bf1 Nc5 20.Nxc5 Bxc5 21.b3 Nxf5 22.exf5 Qb6 23.Be3 Bd4
24.Bxd4 exd4 25.Qb5 Ra6 26.Rd2 Rd5 27.Qxb6 Rxb6 28.Rad1 c5 29.Re1 Kf8 30.Bb5 g6
31.fxg6 hxg6 32.Rde2 g5 33.Re7 Bg6 34.Bd3 Bxd3 35.Re8+ Kf7 36.R1e7+ Kg6 37.Rg8+ Kh6
38.Rh8+ Kg6 39.Rg8+  1/2-1/2

[Event "EuTCh"]
[Site "Plovdiv BUL"]
[Date "2003.10.13"]
[Round "3"]
[White "Dizdarevic,E"]
[Black "Banikas,H"]
[Result "0-1"]
[WhiteElo "2507"]
[BlackElo "2522"]

1.Nf3 d5 2.g3 Bg4 3.Bg2 Nd7 4.c4 e6 5.b3 a5 6.a3 Be7 7.Bb2 Ngf6 8.d3 O-O
9.Nbd2 c6 10.O-O Qb8 11.Rc1 h6 12.h3 Bh5 13.Rc2 Re8 14.Qa1 Bd6 15.Re1 Bg6
16.Rcc1 e5 17.cxd5 cxd5 18.e4 dxe4 19.dxe4 Qa7 20.Re2 b5 21.Rc6 Bc7 22.Nh4 Bh7
23.Nf5 Nb8 24.Rc1 Na6 25.Qb1 Rad8 26.Qc2 Bb6 27.Nf3 Bxf5 28.exf5 e4 29.Ne5 Bxf2+
30.Kh2 Bxg3+ 31.Kxg3 Qb8 32.Kf2 Rxe5 33.Bxe5 Qxe5 34.Qc3 Qxf5+ 35.Kg1 b4
36.Qc4 Qf4 37.Rf1 Qd6 38.axb4 Qb6+ 39.Kh1 Nxb4 40.Rxe4 Nbd5 41.Ree1 Ne3 42.Rxf6 Nxc4
43.Rxb6 Nxb6 44.Re5 a4 45.Rb5 Rd6 46.bxa4 Nxa4 47.Rb8+ Kh7 48.Rb7 Kg6 49.Be4+ Kf6
50.Bc2 Nc5 51.Rc7 Ne6 52.Rc3 g6 53.Kg2 Rd4 54.Kg3 h5 55.Bd3 h4+ 56.Kf2 Ng5
57.Bf1 Ne4+ 58.Ke3 Nxc3 59.Kxd4 Na4 60.Ke4 Nc5+ 61.Kf4 g5+ 62.Kg4 Kg6 63.Bb5 f5+
64.Kf3 Kf6 65.Bc6 Ne6  0-1

[Event "EuTCh"]
[Site "Plovdiv BUL"]
[Date "2003.10.13"]
[Round "3"]
[White "Seeman,T"]
[Black "Flear,G"]
[Result "1-0"]
[WhiteElo "2429"]
[BlackElo "2516"]

1.Nf3 d5 2.g3 c5 3.Bg2 Nc6 4.O-O e5 5.d3 Nf6 6.e4 d4 7.a4 Be7 8.Na3 O-O 9.Bd2 Bg4
10.h3 Bh5 11.Qe1 Nd7 12.Nh2 Rb8 13.h4 f6 14.Bh3 b6 15.Kh1 a6 16.Be6+ Bf7
17.Bc4 Qc8 18.Qe2 Na7 19.Bxf7+ Rxf7 20.Nc4 Nc6 21.f4 b5 22.axb5 axb5 23.Na5 Nxa5
24.Rxa5 Bd8 25.Raa1 exf4 26.Bxf4 Ra8 27.Qh5 Rxa1 28.Rxa1 Nb6 29.Kg2 g6 30.Qf3 h5
31.g4 g5 32.Bd2 gxh4 33.gxh5 Rg7+ 34.Kh1 Bc7 35.Bf4 Bxf4 36.Qxf4 Qh3 37.Rg1 Nd7
38.Qf3 Rxg1+ 39.Kxg1 Qxf3 40.Nxf3 Kh7 41.Nxh4 Kh6 42.Nf5+ Kxh5 43.b4 cxb4
44.Nxd4 Kg4 45.Kf2 Kf4 46.Ke2 Ne5 47.Nxb5 f5 48.exf5 Kxf5 49.Nd4+ Kf6 50.Ke3 Ke7
51.Ke4 Kd6 52.Nb5+ Ke6 53.Kd4 Nf3+ 54.Kc4 Ne1 55.Nd4+  1-0

[Event "ch-Africa"]
[Site "Abuja NGR"]
[Date "2003.10.17"]
[Round "9"]
[White "Belkacem,K"]
[Black "Adebayo,A"]
[Result "0-1"]
[WhiteElo "2121"]
[BlackElo "2248"]

1.Nf3 d5 2.g3 c6 3.Bg2 e6 4.d3 Bd6 5.Nbd2 Nf6 6.e4 Nbd7 7.O-O O-O 8.Re1 e5
9.b3 Re8 10.Bb2 Bc7 11.a3 a5 12.c4 Nc5 13.Qc2 dxc4 14.dxc4 Nd3 15.Red1 Nxb2
16.Qxb2 Qe7 17.b4 b6 18.Re1 Bd6 19.bxa5 bxa5 20.Re3 Bc5 21.Rd3 a4 22.h3 Nd7
23.Nb1 f6 24.Nbd2 Nf8 25.Nf1 Ne6 26.Ne3 Nd4 27.Nc2 Nb3 28.Rad1 Be6 29.Bf1 Rab8
30.Qc3 Qa7 31.Nb4 Qb6 32.Nc2 Bxf2+ 33.Kg2 Bc5 34.Nh4 Bd4 35.Nxd4 exd4 36.Qc2 Qc5
37.Rf3 Qxa3 38.e5 f5 39.Nxf5 Bxf5 40.Qxf5 Qe7 41.c5 Rf8 42.Bc4+ Kh8 43.Bf7 a3
44.Qh5 g6 45.Bxg6 Rxf3 46.Kxf3 a2 47.e6 Rf8+ 48.Bf7 Qxe6 49.Kg2 Rxf7 50.Re1 a1=Q
51.Rxe6 Qf1+  0-1

[Event "EuTCh w"]
[Site "Plovdiv BUL"]
[Date "2003.10.17"]
[Round "6"]
[White "Foisor,C"]
[Black "Medic,Mir"]
[Result "1/2-1/2"]
[WhiteElo "2398"]
[BlackElo "2271"]

1.Nf3 d5 2.g3 Bg4 3.Bg2 Nd7 4.d3 e5 5.Nbd2 c6 6.O-O Bd6 7.e4 Ne7 8.b3 d4
9.Nc4 Bc7 10.h3 Bh5 11.a4 f6 12.Ba3 c5 13.b4 cxb4 14.Bxb4 O-O 15.Qb1 Bf7
16.Nfd2 Re8 17.Bd6 Nc8 18.Ba3 b6 19.Qc1 a6 20.c3 Nc5 21.Bxc5 bxc5 22.Qa3 Rb8
23.cxd4 cxd4 24.Rab1 Nb6 25.h4 Be6 26.Bf3 Nxc4 27.Nxc4 Qd7 28.Rfc1 Rxb1 29.Rxb1 Rb8
30.Rxb8+ Bxb8 31.Qb4 Bc7 32.Bd1 g6 33.Bb3 Kg7 34.Nd2 Bxb3 35.Qxb3 Qc6 36.Nc4 Kf8
37.Kg2 Kg7 38.Kf1 f5 39.f3 fxe4 40.fxe4 h5 41.Kg2 Kf6 42.Qa3 Kf7 43.Qb4 Ke8
44.Kf2 Kf7 45.Ke2 Ke8 46.Nd2 Qe6 47.Qc5 Bb6 48.Qd5 Qg4+ 49.Kf2 Qd1 50.Qxe5+ Kf7
51.Qf4+ Kg7 52.a5 Bd8 53.Kg2 Qe2+ 54.Kh3 Qxd3 55.Qe5+ Bf6 56.Qc7+ Kg8 57.Qf4 Bg7
58.Kg2 Qc3 59.Qb8+ Bf8 60.Qb3+ Qxb3 61.Nxb3 d3 62.Kf3 Bb4 63.Ke3 d2 64.Nxd2 Bxa5
65.Nc4 Be1 66.Kf4 a5 67.g4 hxg4 68.Kxg4 a4 69.h5 gxh5+  1/2-1/2

[Event "EuTCh"]
[Site "Plovdiv BUL"]
[Date "2003.10.17"]
[Round "6"]
[White "D'Amore,C"]
[Black "Vouldis,A"]
[Result "1/2-1/2"]
[WhiteElo "2435"]
[BlackElo "2528"]

1.Nf3 d5 2.g3 c5 3.Bg2 Nc6 4.O-O e5 5.c4 Nf6 6.Qa4 Bd6 7.d4 exd4 8.cxd5 Nxd5
9.Nxd4 Nb6 10.Nxc6 Nxa4 11.Nxd8 Kxd8 12.Nd2 Be6 13.Ne4 Be7 14.b3 Nb6 15.Ng5 Bf6
16.Nxe6+ fxe6 17.Rb1 Nd5 18.Rd1 Kc7 19.Bxd5 exd5 20.Rxd5 Kc6 21.Rf5 Rad8
22.Be3 b6 23.Rc1 a5 24.Bxc5 bxc5 25.Rcxc5+ Kd6 26.Rxa5  1/2-1/2

[Event "300 Years"]
[Site "St Petersburg RUS"]
[Date "2003.10.18"]
[Round "1"]
[White "Deviatkin,A"]
[Black "Akimov,D"]
[Result "1/2-1/2"]
[WhiteElo "2509"]
[BlackElo "2270"]

1.Nf3 d5 2.g3 Nf6 3.Bg2 c6 4.O-O Bf5 5.b3 e6 6.Bb2 Nbd7 7.d3 Be7 8.c4 O-O
9.Nbd2 h6 10.a3 a5 11.Bc3 Qc7 12.Qc1 Bh7 13.Qb2 b5 14.cxb5 cxb5 15.Rfc1 Qb7
16.b4 Nb6 17.Bd4 axb4 18.axb4 Na4 19.Qb3 Nd7 20.Nf1 Rac8 21.Ne3 Bf6 22.Bxf6 Nxf6
23.Nd1 Nd7 24.Nc3 Nxc3 25.Rxc3 Nb6 26.Nd4 Rxc3 27.Qxc3 Rc8 28.Qb3 Ra8 29.Ra5 Bg6
30.Nxb5 Qc6 31.Rxa8+ Nxa8 32.Nc3 Nb6 33.Qa3 Kh7 34.b5 Qc7 35.Qb4 Qa7 36.Bf1 Qa1
37.Qd4 Bf5 38.g4 Bxg4 39.Qxg4 Qxc3 40.Qf4 Kg6 41.Qd6 Qd4 42.h3 Na4 43.e3 Qb2
44.Qg3+ Kh7 45.Qf4 Qxb5 46.Qxf7 Qc6 47.h4 e5 48.h5 Qc8 49.Kh2 Nc3 50.Bh3 Qb8
51.Kg2 Kh8 52.Bg4 d4 53.e4 Nb5 54.Qe7 Nc3 55.Kh3 Kh7 56.Qf7 Kh8 57.Kg3 Qd8
58.f4 Qb8 59.Kf3 Nb1 60.fxe5 Nd2+ 61.Kg2 Qd8 62.e6 Qg5 63.Qe8+ Kh7 64.Qg6+ Kg8
65.Qxg5 hxg5 66.Kg3 Nf1+ 67.Kf2 Ne3 68.Bf5 Kf8  1/2-1/2

[Event "4NCL"]
[Site "West Bromwich ENG"]
[Date "2003.10.18"]
[Round "1"]
[White "Ghasi,A"]
[Black "Kosten,A"]
[Result "1/2-1/2"]
[WhiteElo "2344"]
[BlackElo "2540"]

1.Nf3 d5 2.g3 Bg4 3.Bg2 Nd7 4.O-O e6 5.b3 Bd6 6.Bb2 Ngf6 7.c4 O-O 8.d3 c6
9.Nbd2 Qe7 10.a3 a5 11.Qc2 Rfe8 12.e4 dxe4 13.dxe4 e5 14.h3 Be6 15.Ng5 Nf8
16.Bc3 N6d7 17.Nxe6 Nxe6 18.Qb2 f6 19.Rfd1 Ndc5 20.Qc2 Nd4 21.Bxd4 exd4 22.b4 d3
23.Qb1 Ne6 24.bxa5 Rxa5 25.Qxd3 Rd8 26.Nb3 Be5 27.Qc2 Bxa1 28.Nxa5 Bd4 29.Nb3 Qxa3
30.h4 Qd6 31.Kh2 c5 32.Bh3 b6 33.Bxe6+  1/2-1/2

[Event "EuTCh"]
[Site "Plovdiv BUL"]
[Date "2003.10.19"]
[Round "8"]
[White "Markowski,T"]
[Black "Mamedyarov,S"]
[Result "0-1"]
[WhiteElo "2610"]
[BlackElo "2595"]

1.g3 d5 2.Nf3 c5 3.Bg2 Nc6 4.d4 e6 5.O-O Nf6 6.c4 dxc4 7.Qa4 cxd4 8.Nxd4 Qxd4
9.Bxc6+ Bd7 10.Rd1 Bxc6 11.Qxc6+ bxc6 12.Rxd4 c5 13.Rxc4 Be7 14.Bg5 Nd7 15.Bxe7 Kxe7
16.Nd2 Rhb8 17.Rc2 a5 18.Rd1 a4 19.a3 Ra7 20.Kf1 Rab7 21.Nc4 f6 22.Rdd2 Rc7
23.Ke1 Rb3 24.Kd1 Nb8 25.Kc1 Nc6 26.e3 Rb8 27.Rd1 h5 28.h3 Nd8 29.Rcd2 Nf7
30.f4 Nh6 31.e4 Nf7 32.Rd3 Nd8 33.Na5 c4 34.Rc3 Rb5 35.Nxc4 Rbc5 36.Rd4 e5
37.fxe5 fxe5 38.Nxe5 Rxc3+ 39.bxc3 Rxc3+ 40.Kb2 Rb3+ 41.Ka2 Rxg3 42.Rxa4 Rxh3
43.Ra7+ Ke6 44.Ng6 Kf6 45.Nf8 Rf3 46.Nd7+ Kg5 47.Ne5 Rf2+ 48.Kb3 Ne6 49.Kc4 h4
50.Re7 Rf6 51.Nd3 h3 52.e5 Rf1  0-1

[Event "EuTCh"]
[Site "Plovdiv BUL"]
[Date "2003.10.19"]
[Round "8"]
[White "D'Amore,C"]
[Black "Upton,T"]
[Result "1-0"]
[WhiteElo "2435"]
[BlackElo "2287"]

1.Nf3 d5 2.g3 c5 3.Bg2 Nc6 4.O-O e6 5.d3 Bd6 6.e4 Nge7 7.Nbd2 O-O 8.Re1 f6
9.exd5 Nxd5 10.c3 Kh8 11.Nc4 Be7 12.a4 e5 13.a5 Be6 14.Qa4 Nc7 15.Be3 Qxd3
16.Nfd2 Qd7 17.Nb3 b5 18.axb6 axb6 19.Qxc6 Qxc6 20.Bxc6 Rxa1 21.Rxa1 Bxc4
22.Nd2 Ba6 23.f4 Rd8 24.fxe5 fxe5 25.Nf3 Bf6 26.Kf2 Kg8 27.g4 g6 28.g5 Bg7
29.Nd2 Rd6 30.Bf3 Rd8 31.Ne4 Bc4 32.Ra7 Nd5 33.Be2 Rf8+ 34.Nf6+ Nxf6 35.Bxc4+ Nd5+
36.Ke2 Rd8 37.Ra8  1-0

[Event "300 Years"]
[Site "St Petersburg RUS"]
[Date "2003.10.19"]
[Round "2"]
[White "Karasev,V"]
[Black "Malakhatko,V"]
[Result "0-1"]
[WhiteElo "2418"]
[BlackElo "2529"]

1.Nf3 d5 2.g3 Bg4 3.Bg2 Nd7 4.c4 e6 5.Qa4 Nf6 6.Ne5 Bf5 7.Nxd7 Qxd7 8.Qxd7+ Kxd7
9.cxd5 exd5 10.Nc3 c6 11.d4 Re8 12.f3 Bb4 13.Kf2 h6 14.g4 Be6 15.Bf4 Ng8
16.h4 Ne7 17.a3 Bd6 18.Bxd6 Kxd6 19.e3 g5 20.hxg5 hxg5 21.Rxh8 Rxh8 22.Rh1 Rxh1
23.Bxh1 c5 24.Bg2 a6 25.dxc5+ Kxc5 26.Bf1 Nc6 27.b4+ Kd6 28.Bd3 Ne5 29.Ke2 Bd7
30.a4 f6 31.a5 Nc6 32.b5 Nb4 33.bxa6 bxa6 34.e4 d4 35.Nd5 Nxd5 36.exd5 Bc8
37.Bc4 Bb7 38.Kd3 Kc5 39.d6 Kxd6 40.Kxd4 Bxf3 41.Bxa6 Bxg4 42.Bb7 Bd7 43.a6 Bc6
44.Bc8 Kc7 45.Bf5 Kb6 46.Bg4 Bg2 47.Be2 Bh3 48.Kd5 Bc8 49.Kd6 f5 50.Ke5 f4
51.Ke4 Bxa6 52.Bg4 Kc5 53.Kf5 Kd4 54.Kxg5 Ke3 55.Bd1 Bb7 56.Kf5 Bf3 57.Ba4 Be4+
58.Ke5 f3 59.Bb5 Bc2 60.Bf1 Bd3 61.Bh3 Ba6 62.Bg4 f2 63.Bh3 Kf3 64.Kd4 Kg3
65.Ke3 Bb5  0-1

[Event "4NCL"]
[Site "West Bromwich ENG"]
[Date "2003.10.19"]
[Round "2"]
[White "Lauterbach,I"]
[Black "Regan,N"]
[Result "1/2-1/2"]
[WhiteElo "2148"]
[BlackElo "2202"]

1.Nf3 d5 2.g3 c5 3.Bg2 Nc6 4.d3 e5 5.Nbd2 f5 6.e4 fxe4 7.dxe4 dxe4 8.Nxe4 Qxd1+
9.Kxd1 Nf6 10.Re1 Bf5 11.Nfd2 O-O-O 12.c3 Rd7 13.Ke2 Be7 14.Kf1 Rf8 15.Kg1 h5
16.h4 Ng4 17.f3 Nf6 18.Ng5 Nd5 19.Nc4 Nc7 20.Be3 b5 21.f4 Nd5 22.Rad1 e4
23.Nxe4 bxc4 24.Bxc5 Rfd8 25.Bf2 Bg4 26.Rd2 Kc7 27.Nc5 Bxc5 28.Bxc5 Nf6 29.Rxd7+ Rxd7
30.b4 a6 31.a4 Nd5 32.b5 axb5 33.axb5 Nd8 34.Ra1 Nb7 35.Bd4 Be6 36.Ra6 Bg4
37.Rc6+ Kd8 38.Rxc4 Be2 39.Rc6 Bxb5 40.Rg6 Bd3 41.Rxg7 Rxg7 42.Bxg7 Bc4 43.Bf3 Nd6
44.Be5 Ke7 45.Bxh5 Ne4 46.f5 Ne3 47.Bf3 Nd2 48.Kf2 Nxf5 49.h5 Ke6 50.Bf4 Nb1
51.g4 Nxc3 52.g5 Nd5 53.Bd2  1/2-1/2

[Event "29th Guernsey Open"]
[Site "Les Dicqs GCI"]
[Date "2003.10.20"]
[Round "2"]
[White "Gravett,A"]
[Black "Van Herck,M"]
[Result "0-1"]
[WhiteElo "1958"]
[BlackElo "2198"]

1.g3 d5 2.Nf3 Nf6 3.Bg2 Bg4 4.c4 c6 5.cxd5 cxd5 6.Ne5 Bh5 7.Qa4+ Nbd7 8.Nc3 e6
9.g4 Bg6 10.h4 b5 11.Qxb5 Rb8 12.Nc6 Rxb5 13.Nxd8 Rb6 14.h5 Bc2 15.g5 Ne4
16.Nxe4 Bxe4 17.f3 Bc2 18.Nxf7 Kxf7 19.b3 Bb4 20.Bb2 Rc8 21.e4 Bd3 22.g6+ hxg6
23.hxg6+ Kxg6 24.Bh3 Nf6 25.exd5 Bf5 26.Rg1+ Kf7 27.dxe6+ Rxe6+  0-1

[Event "EuTCh"]
[Site "Plovdiv BUL"]
[Date "2003.10.20"]
[Round "9"]
[White "D'Amore,C"]
[Black "Rusev,K"]
[Result "1/2-1/2"]
[WhiteElo "2435"]
[BlackElo "2379"]

1.Nf3 d5 2.g3 c6 3.Bg2 Bg4 4.d3 Nd7 5.Nbd2 Ngf6 6.e4 e5 7.h3 Bh5 8.O-O dxe4
9.dxe4 Be7 10.c3 O-O 11.Qc2 Qc7 12.Nh4 Rfd8 13.Nc4 Ne8 14.Nf5 Bf8 15.a4 f6
16.Re1 b6 17.Bf1 a6 18.b4 b5 19.Nb2 Bf7 20.Be3 Nd6 21.Nxd6 Bxd6 22.Red1 Be7
23.Be2 Nb6 24.Rxd8+ Rxd8 25.c4 Nxa4 26.Nxa4 bxa4 27.Rxa4 c5 28.Rxa6 Qc8 29.Ra7 Bd6
30.bxc5 Bxc5 31.Bxc5 Qxc5 32.Qa4 Be6 33.Ra8 Rxa8 34.Qxa8+ Kf7 35.Qb7+ Kg6
36.Qb5 Qc8 37.h4 Bd7 38.Qb6 Qa8 39.h5+ Kf7 40.Qd6 Qa1+ 41.Kg2 Qd4 42.Qxd4 exd4
43.c5 Ke7 44.f3 Ba4 45.h6 gxh6 46.Bd3 Kd7 47.f4 Kc6 48.e5 fxe5 49.fxe5 Kd5
50.Kf2 Kxe5 51.Bc4 h5 52.Ke2 Be8 53.Kd2 Bg6 54.Bb3 Be4 55.Bf7 Bc6 56.Bb3 Be8
57.Bg8 h6  1/2-1/2

[Event "300 Years"]
[Site "St Petersburg RUS"]
[Date "2003.10.20"]
[Round "3"]
[White "Andreeva,N"]
[Black "Ziatdinov,R"]
[Result "1-0"]
[WhiteElo "2285"]
[BlackElo "2448"]

1.Nf3 d5 2.g3 Nf6 3.Bg2 e6 4.O-O b6 5.d4 Be7 6.c4 c6 7.Qc2 O-O 8.Rd1 a5 9.Nbd2 Bb7
10.e4 Na6 11.b3 Rc8 12.Bb2 Rc7 13.Rac1 Nb4 14.Qb1 Nxe4 15.Nxe4 dxe4 16.Qxe4 Nxa2
17.Ra1 Nb4 18.c5 Rc8 19.Bc3 Nd5 20.Be1 Ra8 21.cxb6 Qxb6 22.Ne5 Qc7 23.Rdc1 Bb4
24.Rc4 Rfd8 25.Rac1 Rd6 26.Qb1 Bxe1 27.Rxe1 Nb4 28.Rec1 Rad8 29.Nf3 h6 30.Qa1 Qb6
31.Bf1 Rd5 32.h4 Rf5 33.Ne5 f6 34.Ng6 Kf7 35.Nf4 Rxf4 36.gxf4 Nd5 37.Rc5 Ra8
38.f5 exf5 39.Bc4 Kg6 40.Bxd5 cxd5 41.Qc3 Qd6 42.Rc7 Ba6 43.Qf3 Kh7 44.Qxf5+ Kh8
45.R1c6  1-0

[Event "300 Years"]
[Site "St Petersburg RUS"]
[Date "2003.10.21"]
[Round "4"]
[White "Loginov,Va"]
[Black "Sinkevich,P"]
[Result "1-0"]
[WhiteElo "2524"]
[BlackElo "2323"]

1.Nf3 d5 2.g3 Nf6 3.Bg2 c6 4.O-O Bg4 5.c4 e6 6.d3 Nbd7 7.cxd5 exd5 8.Nc3 Be7
9.Qc2 Bxf3 10.Bxf3 d4 11.Ne4 Nxe4 12.Bxe4 O-O 13.b4 Bxb4 14.Rb1 a5 15.a3 Bc3
16.Bb2 Bxb2 17.Rxb2 Nb6 18.Rfb1 Ra6 19.Rb3 g6 20.h4 h5 21.Qc1 Kg7 22.Qc5 Na4
23.Qe5+ Qf6 24.Qxf6+ Kxf6 25.Rxb7 Nc3 26.R1b6 Rxb6 27.Rxb6 Nxe4 28.Rxc6+ Ke5
29.dxe4 Kxe4 30.Rc5 Rb8 31.Rxa5 Rb2 32.f3+ Ke3 33.Re5+ Kd2 34.Kf2 Ra2 35.Rd5 Kc3
36.Rd7 f5 37.Rd6 Kc4 38.Rxg6 d3 39.Re6 d2 40.Rd6 Kc5 41.Rd3 Kc4 42.Ke3 Rxa3
43.Kxd2 Ra1 44.Ke3 Rg1 45.Kf4 Rg2 46.Re3 Kd4 47.Re5 Rxg3 48.e3+  1-0

[Event "VII Taca BCX"]
[Site "Brasilia BRA"]
[Date "2003.10.22"]
[Round "4"]
[White "Valle,A"]
[Black "Reis,E"]
[Result "1-0"]
[WhiteElo "2253"]
[BlackElo "2035"]

1.Nf3 d5 2.g3 c5 3.Bg2 Nc6 4.O-O Nf6 5.d3 g6 6.Nbd2 Bg7 7.e4 O-O 8.c3 Bg4
9.h3 Bxf3 10.Qxf3 Ne5 11.Qe2 dxe4 12.dxe4 Nd3 13.e5 Nxc1 14.Raxc1 Ne8 15.Nc4 Qc8
16.Rcd1 Rb8 17.a4 Qe6 18.h4 Qa6 19.a5 Nc7 20.Rd7 Ne6 21.Rxe7 Bxe5 22.Qxe5 Qxc4
23.Bd5  1-0

[Event "29th Guernsey Open"]
[Site "Les Dicqs GCI"]
[Date "2003.10.22"]
[Round "4"]
[White "Gravett,A"]
[Black "Bareham,D"]
[Result "1/2-1/2"]
[WhiteElo "1958"]
[BlackElo "2152"]

1.g3 d5 2.Nf3 Nf6 3.Bg2 c6 4.b3 Bg4 5.Ne5 Bh5 6.Ba3 Ne4 7.c4 f6 8.Nd3 dxc4
9.bxc4 Nd6 10.Qb3 Qc7 11.Nc5 Bf7 12.d3 Nd7 13.Nxd7 Qxd7 14.Nd2 e5 15.Rb1 Rb8
16.Ne4 Nxe4 17.Bxe4 Bd6 18.Qa4 O-O 19.Bxd6  1/2-1/2